000 00750nam a2200277Ia 4500
001 41402
005 20240114003418.0
007 ta
008 170807s2004 ii g b000 u asm u
020 _cHB
040 _aCotton College,Assam
041 _aasm
082 _a783.9
_bHa 123 Ch
100 _aChakrabarty, Manju.
245 0 _aCaryapada Aru Bargit /
_cManju Chakrabarty and Karabi Deka Hazarika.
_hTextual Documents
250 _a2rd ed /
260 _aGuwahati :
_bBanalata ,
_c2004.
300 _a102pg ;
_c22cm
_e`.
500 _aIssued to the Assamese(Deptt),xvv is not Available
653 _aBargit
653 _aAssamese Bargit
942 _2ddc
_cBK
999 _c41370
_d41370